[Event "XIX EYCC Boys U18"]
[Site "Fermo ITA"]
[Date "2009.09.08"]
[Round "8"]
[White "Valsecchi,A"]
[Black "Omarsson,D"]
[Result "1-0"]
[WhiteElo "2372"]
[BlackElo "2091"]

1.e4 e5 2.Nf3 Nc6 3.Bb5 a6 4.Ba4 Nf6 5.O-O Be7 6.Re1 b5 7.Bb3 d6 8.c3 O-O
9.h3 Bb7 10.d3 Na5 11.Bc2 c5 12.Nbd2 Re8 13.Nf1 g6 14.N3h2 d5 15.Qf3 c4 16.Ng3 d4
17.Bh6 dxc3 18.bxc3 cxd3 19.Rad1 Qb6 20.Rxd3 Qe6 21.Nf5 gxf5 22.Qg3+ Ng4
23.exf5 Qxh6 24.Nxg4 Qf8 25.f6 Bc5 26.Nxe5+ Kh8 27.Qh4  1-0

[Event "ch-RUS HL"]
[Site "Ulan Ude RUS"]
[Date "2009.09.09"]
[Round "7"]
[White "Kokarev,Dm"]
[Black "Matlakov,M"]
[Result "1/2-1/2"]
[WhiteElo "2630"]
[BlackElo "2574"]

1.e4 e5 2.Nf3 Nc6 3.Bb5 a6 4.Ba4 Nf6 5.O-O Be7 6.Re1 b5 7.Bb3 d6 8.c3 O-O
9.h3 Bb7 10.d4 Re8 11.Nbd2 Bf8 12.a3 h6 13.Ba2 Nb8 14.d5 c6 15.dxc6 Bxc6
16.b4 Nbd7 17.c4 Nb6 18.Qb3 Qd7 19.Bb2 Na4 20.Rad1 Nxb2 21.Qxb2 Qb7 22.Qb3 Rec8
23.Nh4 Be8 24.Qf3 a5 25.bxa5 b4 26.Rb1 Rxa5 27.Rxb4 Qa7 28.Rb3 Nd7 29.Nb1 Nc5
30.Rb2 Bc6 31.Rbe2 g6 32.Qc3 Ra8 33.Nf3 Qb7 34.Nfd2 R5a7 35.Bb3 Rb8 36.Bc2 Qb2
37.Re3 Be7 38.Nb3 Qxc3 39.Rxc3 Na4 40.Rd3 Bd7 41.Rf3 Be6 42.N1d2 Nb6 43.Ra1 Rba8
44.Nb1 Nxc4 45.N3d2 Na5 46.Rc3 Bg5 47.Bd1 Bd8 48.Nf3 Bb6 49.Nbd2 Bc5 50.Rb1 Rc8
51.Kf1 Kg7 52.a4 f5 53.Be2 Kf6 54.Bb5 Rac7 55.Rbc1 Bd7 56.Bxd7 Rxd7 57.Ne1 Ra8
58.Nd3 Bd4 59.Rc7 Ke6 60.Ke2 Nb7 61.R7c4 Na5 62.Rc8 Rda7 63.Rxa8 Rxa8 64.Rc7 Ra7
65.Rxa7 Bxa7 66.f3 d5 67.Nb4 dxe4 68.fxe4 Bc5 69.Nd3 Ba7 70.Nb4 Bc5 71.Nd3 Ba7
72.Nb4  1/2-1/2

[Event "Maotai Prince Cup Queens"]
[Site "JinZhou CHN"]
[Date "2009.09.18"]
[Round "2"]
[White "Xu Yuhua"]
[Black "Ruan Lufei"]
[Result "1/2-1/2"]
[WhiteElo "2485"]
[BlackElo "2486"]

1.e4 e5 2.Nf3 Nc6 3.Bb5 a6 4.Ba4 Nf6 5.O-O Be7 6.Re1 b5 7.Bb3 d6 8.c3 O-O
9.h3 Bb7 10.d4 Re8 11.Nbd2 Bf8 12.a3 h6 13.Bc2 Nb8 14.b3 Nbd7 15.a4 c6 16.Bd3 Qc7
17.Bb2 g6 18.Qc2 Bg7 19.b4 d5 20.dxe5 dxe4 21.Nxe4 Nxe4 22.Bxe4 Nxe5 23.Nxe5 Bxe5
24.Re2 Re6 25.Rae1 Rae8 26.Bc1 Bg7 27.axb5 cxb5 28.Bxb7 Rxe2 29.Rxe2 Rxe2
30.Qxe2 Qxb7 31.c4 bxc4 32.Qxc4 h5 33.Be3 Bf6 34.Bc5 Qc6 35.Qf4 Qe6 36.g3 Kg7
37.Kg2 Bb2 38.Bd4+ Bxd4 39.Qxd4+ Kh7 40.h4 Qc6+  1/2-1/2

[Event "TCh-FIN 2009-10"]
[Site "Finland FIN"]
[Date "2009.09.19"]
[Round "1"]
[White "Sulskis,S"]
[Black "Nyback,T"]
[Result "1/2-1/2"]
[WhiteElo "2568"]
[BlackElo "2615"]

1.e4 e5 2.Nf3 Nc6 3.Bb5 a6 4.Ba4 Nf6 5.O-O Be7 6.Re1 b5 7.Bb3 d6 8.c3 O-O
9.h3 Bb7 10.d4 Re8 11.Nbd2 Bf8 12.a4 Na5 13.Ba2 c5 14.d5 c4 15.b4 cxb3 16.Nxb3 Nd7
17.Ng5 Be7 18.Qh5 Bxg5 19.Qxg5 Nc4 20.Qxd8 Rexd8 21.Bb1 Ndb6 22.Bd3 Rdc8
23.axb5 axb5 24.Rxa8 Bxa8 25.Re2 f5 26.f3 Kf7 27.Ra2 Na4 28.Nd2 Nxc3 29.Ra7+ Kf6
30.Rd7 Na2 31.exf5 Bxd5 32.Bxc4 bxc4 33.Rxd6+ Kf7 34.Rxd5 Nxc1 35.Ne4 Rc6
36.Rd7+ Kf8 37.Nc3 Nd3 38.g4 g6 39.Rxh7 gxf5 40.gxf5 Rf6 41.Rc7 Rxf5  1/2-1/2

[Event "74th ch-ESP Absoluto"]
[Site "Palma de Mallorca ESP"]
[Date "2009.09.26"]
[Round "1"]
[White "Navarrete Espi,S"]
[Black "Mascaro March,P"]
[Result "0-1"]
[WhiteElo "1929"]
[BlackElo "2369"]

1.e4 e5 2.Nf3 Nc6 3.Bb5 a6 4.Ba4 Nf6 5.O-O Be7 6.Re1 b5 7.Bb3 d6 8.c3 O-O
9.h3 Bb7 10.d4 Nd7 11.Nbd2 Bf6 12.Nf1 Re8 13.Ng3 g6 14.Be3 exd4 15.cxd4 Na5
16.Bc2 Nc4 17.Bc1 c5 18.b3 cxd4 19.Nxd4 Ncb6 20.Bb2 Rc8 21.Rc1 Nc5 22.Qg4 d5
23.Nh5 Bh8 24.e5 Nbd7 25.e6 Nf6 26.Nxf6+ Bxf6 27.Nf5 Rxe6 28.Rxe6 Nxe6 29.Nh6+ Kg7
30.Nf5+ Kh8 31.Nh6 Qe7 32.Bxf6+ Qxf6 33.Qd1 Qf4 34.Ng4 h5 35.Ne3 d4 36.g3 Qe5
37.Ng2 Qd5 38.Qf1 d3 39.Rd1 d2 40.Bd3 Rc1 41.Be2 Nd4 42.Kh2 Nxe2 43.Ne3 Qf3  0-1

[Event "VII Marx Gyorgy Mem"]
[Site "Paks HUN"]
[Date "2009.09.29"]
[Round "5"]
[White "Safarli,E"]
[Black "Acs,Peter"]
[Result "1/2-1/2"]
[WhiteElo "2587"]
[BlackElo "2550"]

1.e4 e5 2.Nf3 Nc6 3.Bb5 a6 4.Ba4 Nf6 5.O-O Be7 6.Re1 b5 7.Bb3 d6 8.c3 O-O
9.h3 Bb7 10.d4 Re8 11.Nbd2 Bf8 12.Ng5 Re7 13.d5 Nb8 14.Nf1 Nbd7 15.Ng3 g6
16.Be3 Bg7 17.a4 Nc5 18.Bc2 Nxa4 19.Bxa4 bxa4 20.Qxa4 Qe8 21.Qb4 c6 22.c4 c5
23.Qb6 Qd8 24.Qxd8+ Rxd8 25.b4 cxb4 26.c5 dxc5 27.Bxc5 Ree8 28.Bxb4 Rc8 29.Reb1 Rc4
30.Bd6 Bc8 31.Rb8 Bf8 32.Bxf8 Kxf8 33.Re1 a5 34.Ra8 a4 35.Nf3 Nd7 36.Rb1 f6
37.Ra7 Re7 38.Nd2 Rc2 39.Nf3 Nc5 40.Ra8 Re8 41.Rb6 Kf7 42.Ra7+  1/2-1/2

[Event "FIDE GP w"]
[Site "Nanjing CHN"]
[Date "2009.09.30"]
[Round "3"]
[White "Munguntuul,B"]
[Black "Kovanova,B"]
[Result "1/2-1/2"]
[WhiteElo "2418"]
[BlackElo "2408"]

1.e4 e5 2.Nf3 Nc6 3.Bb5 a6 4.Ba4 Nf6 5.O-O Be7 6.Re1 b5 7.Bb3 d6 8.c3 O-O
9.h3 Bb7 10.d4 Nd7 11.Nbd2 exd4 12.cxd4 Bf6 13.Nf1 Na5 14.Bc2 Re8 15.Ng3 g6
16.Bf4 c5 17.Rb1 Nc6 18.d5 Nce5 19.Nxe5 Nxe5 20.b3 a5 21.Be3 Ba6 22.f4 Nd7
23.Qf3 b4 24.Red1 Bg7 25.Bf2 Bb5 26.Nf1 a4 27.Nd2 axb3 28.axb3 Ra2 29.Bd3 Bxd3
30.Qxd3 Qf6 31.Qf3 Qe7 32.Nc4 Qxe4 33.Re1 Re2 34.Qxe4 R8xe4 35.Nxd6 Rxe1+
36.Rxe1 Rxe1+ 37.Bxe1 Nb6 38.Bf2 Nxd5 39.Bxc5 Nxf4 40.Bxb4 Ne2+ 41.Kf2 Nc1
42.Ke3 Nxb3 43.Nb5 Bh6+ 44.Ke4 Nd2+ 45.Kd3 Nb3 46.Kc2 Nc1 47.Nc3 Kg7 48.Ba3 Kf6
49.Bxc1 Bxc1 50.Kxc1 Kf5 51.Kd2 Kf4 52.Ke2 h5 53.Kf2 h4 54.Ne2+ Ke4 55.g3 hxg3+
56.Kxg3 Kf5 57.h4 Kf6 58.Kf4 Kg7 59.Ke5 f6+ 60.Ke6 Kh6 61.Ng3 f5 62.Ke5 g5
63.hxg5+ Kxg5 64.Nxf5  1/2-1/2

[Event "FIDE GP w"]
[Site "Nanjing CHN"]
[Date "2009.10.08"]
[Round "10"]
[White "Xu Yuhua"]
[Black "Kovanova,B"]
[Result "1-0"]
[WhiteElo "2485"]
[BlackElo "2408"]

1.e4 e5 2.Nf3 Nc6 3.Bb5 a6 4.Ba4 Nf6 5.O-O Be7 6.Re1 b5 7.Bb3 d6 8.c3 O-O
9.h3 Bb7 10.d4 Nd7 11.Nbd2 exd4 12.cxd4 Bf6 13.Nf1 Na5 14.Bc2 Re8 15.Ng3 g6
16.Bh6 c5 17.e5 dxe5 18.dxc5 Rc8 19.b4 Nc6 20.Ne4 Nd4 21.Nxd4 Bxe4 22.Bxe4 exd4
23.Bb7 Rb8 24.Rxe8+ Qxe8 25.c6 Nb6 26.Qf3 Qe7 27.c7 Re8 28.Qc6 Nc8 29.Bxa6 d3
30.Bxb5 Nd6 31.Qxe8+  1-0

[Event "Unive Open"]
[Site "Hoogeveen NED"]
[Date "2009.10.22"]
[Round "7"]
[White "Akotchik,V"]
[Black "Mol,C"]
[Result "0-1"]
[WhiteElo "2102"]
[BlackElo "2079"]

1.e4 e5 2.Nf3 Nc6 3.Bb5 a6 4.Ba4 Nf6 5.O-O Be7 6.Re1 b5 7.Bb3 d6 8.c3 O-O
9.h3 Bb7 10.a4 b4 11.a5 Nb8 12.Bc2 c5 13.d4 Qc7 14.d5 bxc3 15.bxc3 Nbd7 16.Nbd2 Ne8
17.Nf1 g6 18.Bh6 Ng7 19.Ne3 Nf6 20.g4 Kh8 21.Kh2 Ng8 22.Bxg7+ Kxg7 23.Rg1 Bc8
24.Bd3 Kh8 25.Qe2 Bd8 26.Nd2 Bg5 27.Rgb1 f5 28.Rb6 fxg4 29.hxg4 Qf7 30.Kg2 Nf6
31.f3 Ne8 32.Ndc4 Qe7 33.Rab1 Bf4 34.Qe1 h5 35.Qh1 Kg7 36.Nf5+ gxf5 37.gxf5 Kh6
38.Nxd6 Nxd6 39.Rxd6+ Qxd6 40.Rb6 Qxb6 41.axb6 Rb8 42.Qh4 Rxb6 43.Qe7 Rg8+
44.Kf1 Bh2 45.Qxc5 Rb2 46.Qd6+ Kh7 47.Qe7+ Rg7 48.f6 Rxe7 49.fxe7 Bd7 50.c4 Kg7
51.c5 Kf7 52.d6 h4 53.Bxa6 Rc2  0-1

[Event "17th TCh-Eur"]
[Site "Novi Sad SRB"]
[Date "2009.10.23"]
[Round "2"]
[White "Svidler,P"]
[Black "Georgiev,Vl"]
[Result "1-0"]
[WhiteElo "2741"]
[BlackElo "2537"]

1.e4 e5 2.Nf3 Nc6 3.Bb5 a6 4.Ba4 Nf6 5.O-O Be7 6.Re1 b5 7.Bb3 d6 8.c3 O-O
9.h3 Bb7 10.d4 Nd7 11.a3 Bf6 12.d5 Na5 13.Ba2 Qc8 14.Nbd2 c5 15.b4 Nc4 16.Nxc4 bxc4
17.Be3 cxb4 18.cxb4 a5 19.b5 Nc5 20.Qc2 c3 21.Rac1 a4 22.Qxc3 Nxe4 23.Qd3 Nc5
24.Bxc5 dxc5 25.Nxe5 Bxe5 26.Rxe5 Qd7 27.d6 Rad8 28.Rd1 Ba8 29.Re7 Qc8 30.d7 Qb7
31.f3 Qb6 32.Qd6  1-0

[Event "8th TCh-Eur w"]
[Site "Novi Sad SRB"]
[Date "2009.10.28"]
[Round "7"]
[White "Calzetta Ruiz,M"]
[Black "Muzychuk,A"]
[Result "1/2-1/2"]
[WhiteElo "2386"]
[BlackElo "2533"]

1.e4 e5 2.Nf3 Nc6 3.Bb5 a6 4.Ba4 Nf6 5.O-O Be7 6.Re1 b5 7.Bb3 d6 8.c3 O-O
9.h3 Bb7 10.d3 Na5 11.Bc2 c5 12.Nbd2 Re8 13.Nf1 Bf8 14.Bg5 h6 15.Bh4 g6 16.Ne3 Bg7
17.Nh2 Qd7 18.Nhg4 Nxg4 19.hxg4 Rab8 20.b3 Nc6 21.Bg3 Ne7  1/2-1/2

[Event "17th TCh-Eur"]
[Site "Novi Sad SRB"]
[Date "2009.10.28"]
[Round "7"]
[White "Rasmussen,A"]
[Black "Delchev,A"]
[Result "1/2-1/2"]
[WhiteElo "2535"]
[BlackElo "2635"]

1.e4 e5 2.Nf3 Nc6 3.Bb5 a6 4.Ba4 Nf6 5.O-O Be7 6.Re1 b5 7.Bb3 d6 8.c3 O-O
9.h3 Bb7 10.d4 Re8 11.Ng5 Rf8 12.Nf3 Re8 13.Nbd2 Bf8 14.Bc2 h6 15.d5 Ne7
16.c4 c6 17.b3 cxd5 18.cxd5 Nd7 19.Nf1 f5 20.exf5 Nxd5 21.Bb2 Rc8 22.Ne3 N7f6
23.Nxd5 Bxd5 24.Nh4 Qb6 25.Rc1 Qb7 26.Kh2 Be7 27.f4 Nd7 28.Ng6 Bf6 29.Qd2 e4
30.Bxf6 Nxf6 31.g4 Qf7 32.g5 e3 33.Rxe3 Rxe3 34.Qxe3 Re8 35.Qd2 Ne4 36.Bxe4 Bxe4
37.Qxd6 Bxf5 38.Ne5 Qh5 39.Qd5+ Kh7 40.Qf3 Qxf3 41.Nxf3 Re3 42.Nd4 Rxh3+
43.Kg2 Bg4 44.gxh6 Rd3 45.Nc6 Bf3+ 46.Kf2 Bxc6 47.Rxc6 Rd2+ 48.Kf3 Rxa2 49.hxg7 Kxg7
50.Kg4 a5 51.Kg5 Rg2+ 52.Kf5 a4  1/2-1/2

[Event "IV Open"]
[Site "Bogota COL"]
[Date "2009.10.31"]
[Round "4"]
[White "Mendoza,Raf"]
[Black "Castro,O"]
[Result "1/2-1/2"]
[WhiteElo "2317"]
[BlackElo "2369"]

1.e4 e5 2.Nf3 Nc6 3.Bb5 a6 4.Ba4 Nf6 5.O-O Be7 6.Re1 b5 7.Bb3 d6 8.c3 O-O
9.h3 Bb7 10.d4 Re8 11.Ng5 Rf8 12.Nf3 h6 13.d5 Na5 14.Bc2 Nc4 15.b3 Nb6 16.Nbd2 c6
17.dxc6 Bxc6 18.Nf1 Qc7 19.Ng3 Rfe8 20.Nf5 Bf8 21.Be3 Rad8 22.Bxb6 Qxb6 23.c4 g6
24.Ng3 bxc4 25.bxc4 Qc5 26.Bd3 Rb8 27.Rb1 a5 28.Qd2 Qa3 29.Rec1 a4 30.Rxb8 Rxb8
31.c5 Rb2 32.Rc2 Rxc2 33.Qxc2 Nd7 34.cxd6 Qxd6 35.h4 h5 36.Bc4 Be7 37.Nf1 Nf6
38.Bxf7+ Kxf7 39.Qxc6 Qxc6 40.Nxe5+ Ke6 41.Nxc6 Nxe4 42.Nxe7 Kxe7 43.Ne3 Ke6
44.Kf1 Ke5 45.f3 Nc3 46.a3 Kd4 47.Kf2 Nb5 48.Nd1 Nxa3 49.Nb2  1/2-1/2

[Event "IV Open"]
[Site "Bogota COL"]
[Date "2009.11.02"]
[Round "8"]
[White "Morales,Jh"]
[Black "Castro,O"]
[Result "1/2-1/2"]
[WhiteElo "2262"]
[BlackElo "2369"]

1.e4 e5 2.Nf3 Nc6 3.Bb5 a6 4.Ba4 Nf6 5.O-O Be7 6.Re1 b5 7.Bb3 d6 8.c3 O-O
9.h3 Bb7 10.d4 Re8 11.Nbd2 Bf8 12.d5 Nb8 13.Nf1 Nbd7 14.N3h2 c6 15.dxc6 Bxc6
16.Bg5 h6 17.Bxf6 Qxf6 18.Bd5 Bxd5 19.Qxd5 Qe6 20.Ne3 Nb6 21.Qb3 Rec8 22.Red1 Rc5
23.Rd3 a5 24.Qd1 Nc4 25.Nxc4 Qxc4 26.Qf3 d5 27.Rxd5 Rxd5 28.b3 Qd3 29.exd5 Qc2
30.Ng4 Bd6 31.Qe3 Rc8 32.Nxe5 Rxc3 33.Qe1 Rc5 34.Nxf7 Rxd5 35.Nxd6 Rxd6 36.Qe8+ Kh7
37.Qxb5 Rf6 38.Qxa5 Qxf2+ 39.Kh1 Rg6 40.Qd5 Qb2 41.Rd1 Qxa2 42.Rd3 Qe2 43.Rd4 Qe1+  1/2-1/2

[Event "World Youth U18"]
[Site "Antalya TUR"]
[Date "2009.11.13"]
[Round "2"]
[White "Plaskan,J"]
[Black "Norri,R"]
[Result "1-0"]
[WhiteElo "2197"]
[BlackElo "1896"]

1.e4 e5 2.Nf3 Nc6 3.Bb5 a6 4.Ba4 Nf6 5.O-O b5 6.Bb3 Be7 7.Re1 d6 8.c3 O-O
9.h3 Bb7 10.d4 exd4 11.cxd4 Na5 12.Bc2 c5 13.d5 Nc4 14.b3 Nb6 15.Bb2 Nfd7
16.Qd3 g6 17.Nh2 Bf6 18.Bxf6 Qxf6 19.Nd2 Rac8 20.Ng4 Qg7 21.Qg3 h5 22.Ne3 Qf6
23.Nf5 Ne5 24.f4 Ned7 25.e5 dxe5 26.fxe5 Nxe5 27.Rxe5 Rce8 28.Rxe8 Rxe8 29.Rf1 Qe5
30.Nh6+ Kh7 31.Rxf7+  1-0

[Event "Waling Dijkstra GpA"]
[Site "Leeuwarden NED"]
[Date "2009.11.13"]
[Round "1"]
[White "Smith,T"]
[Black "De Dreu,D"]
[Result "0-1"]
[WhiteElo "2070"]
[BlackElo "2019"]

1.e4 e5 2.Nf3 Nc6 3.Bb5 a6 4.Ba4 Nf6 5.O-O Be7 6.Re1 b5 7.Bb3 d6 8.c3 O-O
9.h3 Bb7 10.d4 Re8 11.Nbd2 Bf8 12.Bc2 exd4 13.cxd4 Nb4 14.Bb1 c5 15.a3 Nc6
16.d5 Nb8 17.a4 Nbd7 18.Ra3 g6 19.Nf1 Bg7 20.N1h2 b4 21.Rae3 Rc8 22.Ng4 Nxg4
23.hxg4 c4 24.Nh2 b3 25.Rh3 Qa5 26.g5 Qxa4 27.Ng4 Qa1 28.Nh6+ Bxh6 29.gxh6 Qxb1
30.Qd4 f6 31.g4 c3 32.g5 cxb2 33.gxf6 Kf7 34.Qa4 Rc7 35.Bd2 Qxe1+ 36.Bxe1 b1=Q  0-1

[Event "World Youth U18"]
[Site "Antalya TUR"]
[Date "2009.11.18"]
[Round "7"]
[White "Davletbakov,S"]
[Black "Binder,Mi"]
[Result "0-1"]
[WhiteElo "2175"]
[BlackElo "2202"]

1.e4 e5 2.Nf3 Nc6 3.Bb5 a6 4.Ba4 Nf6 5.O-O Be7 6.Re1 b5 7.Bb3 d6 8.c3 O-O
9.h3 Bb7 10.d3 Na5 11.Bc2 c5 12.Nbd2 Re8 13.Nf1 g6 14.Ng3 Bf8 15.Bg5 Bg7
16.Qd2 d5 17.exd5 Qxd5 18.c4 Qd8 19.Nxe5 Qc7 20.Qf4 Qb6 21.Rad1 Re6 22.Qc1 Qd6
23.Bf4 Qe7 24.Ng4 Nxg4 25.hxg4 bxc4 26.dxc4 Nxc4 27.Bb3 Nxb2 28.Bg5 Qe8 29.Rxe6 fxe6
30.Rd6 c4 31.Bxc4 Nxc4 32.Qxc4 Bd5 33.Qe2 Qb5 34.Qe1 Bxa2 35.Ne4 Rf8 36.Be7 Rc8
37.Bf6 Bf8 38.Bc3 Be7 39.Nf6+ Kf7 40.Rd7 Rd8 41.Rxd8 Bxd8 42.Nxh7 Qb1 43.Qxb1 Bxb1
44.Bd2 g5 45.Nxg5+ Ke7 46.Nf3 a5 47.Nd4 Kd6 48.Kh2 Bb6 49.Nb5+ Kc6 50.Na3 Bd3
51.Kg3 Bc5 52.Bc1 Bd4 53.f4 Kc5  0-1

[Event "World Cup"]
[Site "Khanty-Mansiysk RUS"]
[Date "2009.11.26"]
[Round "2.6"]
[White "Inarkiev,E"]
[Black "Eljanov,P"]
[Result "1/2-1/2"]
[WhiteElo "2645"]
[BlackElo "2729"]

1.e4 e5 2.Nf3 Nc6 3.Bb5 a6 4.Ba4 Nf6 5.O-O Be7 6.Re1 b5 7.Bb3 d6 8.c3 O-O
9.h3 Bb7 10.d4 Re8 11.Nbd2 Bf8 12.a4 Na5 13.Bc2 b4 14.cxb4 Nc6 15.Nb3 Nxb4
16.Na5 Rb8 17.d5 Bc8 18.Bd2 Bd7 19.Bxb4 Rxb4 20.b3 c5 21.dxc6 Qxa5 22.cxd7 Nxd7
23.Bd3 Be7 24.Rc1 Reb8 25.Rc3 Rxe4 26.Rxe4 Qxc3 27.Rc4 Qxb3 28.Rc8+ Bf8 29.Qxb3 Rxb3
30.Bc4 Rb7 31.a5 Nf6 32.Ra8 Rb1+ 33.Kh2 Ra1 34.Rxa6 d5 35.Bb5 e4 36.Nd4 h5
37.Ra8 g6 38.a6 Kg7 39.Rc8 Bd6+ 40.g3 h4 41.Kg2 hxg3 42.fxg3 Nh5 43.Rc6 Be5
44.Ne2 Ra2 45.Kf1 Nxg3+ 46.Nxg3 Bxg3 47.Rb6 d4 48.Rb7 d3 49.Bc4 Ra1+ 50.Kg2 d2
51.Rxf7+ Kh6 52.Be2 Be5 53.Rd7 d1=Q 54.Rxd1 Rxd1 55.Bxd1 Bd4 56.Bc2 e3 57.Kf3 Kg5
58.Ba4 Kh4 59.Bd7 Ba7 60.Bc8  1/2-1/2

[Event "London Classic FIDE Open"]
[Site "London ENG"]
[Date "2009.12.09"]
[Round "2"]
[White "Tarun,Malhotra"]
[Black "Healey,M"]
[Result "0-1"]
[WhiteElo "1734"]
[BlackElo "2058"]

1.e4 e5 2.Nf3 Nc6 3.Bb5 a6 4.Ba4 Nf6 5.O-O Be7 6.Re1 b5 7.Bb3 d6 8.h3 O-O
9.c3 Bb7 10.d4 Na5 11.Bc2 c5 12.d5 Nc4 13.b3 Nb6 14.a4 h6 15.Nbd2 Nh7 16.Qe2 bxa4
17.bxa4 f5 18.exf5 Nxd5 19.Ne4 Kh8 20.c4 Nb4 21.Bb1 Rb8 22.g4 Kg8 23.Rd1 Qc7
24.Bb2 Bxe4 25.Bxe4 Ng5 26.Nxg5 Bxg5 27.Kg2 Nc6 28.Rh1 Bh4 29.Bd5+ Kh8 30.Rab1 Ne7
31.Be6 Rb3 32.Qe4 Rfb8 33.g5 Bxg5 34.Bc1 Rxb1 35.Bxg5 Rxh1 36.f6 hxg5 37.fxe7 Qxe7
38.Qg6 Qf6 39.Qxf6 gxf6 40.Kxh1 Rb4  0-1

[Event "9th Amplico Life Rapid"]
[Site "Warsaw POL"]
[Date "2009.12.19"]
[Round "1"]
[White "Bologan,V"]
[Black "Vaicekauskas,G"]
[Result "1-0"]
[WhiteElo "2692"]
[BlackElo "1887"]

1.e4 e5 2.Nf3 Nc6 3.Bb5 a6 4.Ba4 Nf6 5.O-O b5 6.Bb3 Be7 7.Re1 O-O 8.h3 d6
9.c3 Bb7 10.d4 exd4 11.cxd4 d5 12.e5 Ne4 13.Nc3 Na5 14.Bc2 Ng5 15.Nxg5 Bxg5
16.Qh5 h6 17.f4 Be7 18.f5 Bg5 19.f6 g6 20.Bxg6 Bxc1 21.Raxc1  1-0

[Event "9th Amplico Life Rapid"]
[Site "Warsaw POL"]
[Date "2009.12.19"]
[Round "3"]
[White "Zhigalko,A"]
[Black "Sadzikowski,D"]
[Result "1-0"]
[WhiteElo "2600"]
[BlackElo "2287"]

1.e4 e5 2.Nf3 Nc6 3.Bb5 a6 4.Ba4 Nf6 5.O-O Be7 6.Re1 b5 7.Bb3 d6 8.c3 O-O
9.h3 Bb7 10.d4 Re8 11.Nbd2 Bf8 12.d5 Nb8 13.Nf1 Nbd7 14.N3h2 Nc5 15.Bc2 c6
16.b4 Ncd7 17.dxc6 Bxc6 18.Bg5 Qc7 19.Bxf6 Nxf6 20.Ng4 Nxg4 21.hxg4 Bd7 22.Ne3 Be6
23.Bb3 Qxc3 24.Nd5 Bxd5 25.Bxd5 Ra7 26.g5 Qxb4 27.Re3 Rc8 28.Rb1 Qa5 29.Rh3 g6
30.Qg4 Rc3 31.g3 Bg7 32.Kg2 Qa3 33.Rbh1 Rac7 34.Rxh7 Rc1 35.Qh4 Rxh1 36.Qxh1 Qc1
37.Rxg7+ Kxg7 38.Qh6+ Kg8 39.Qxg6+ Kh8 40.Qh6+ Kg8 41.g6 b4  1-0

[Event "9th Amplico Life Rapid"]
[Site "Warsaw POL"]
[Date "2009.12.20"]
[Round "10"]
[White "Kanarek,M"]
[Black "Kravtsiv,M"]
[Result "1/2-1/2"]
[WhiteElo "2405"]
[BlackElo "2543"]

1.e4 e5 2.Nf3 Nc6 3.Bb5 a6 4.Ba4 Nf6 5.O-O Be7 6.Re1 b5 7.Bb3 d6 8.c3 O-O
9.h3 Bb7 10.d4 Re8 11.Ng5 Rf8 12.Nf3 Re8 13.Ng5 Rf8 14.Nf3 Re8 15.Nbd2 Bf8
16.Bc2 h6 17.d5 Ne7 18.b3 c6 19.c4 Rc8 20.Bd3 Nd7 21.Bf1 cxd5 22.cxd5 f5
23.a4 bxa4 24.bxa4 Nc5 25.Rb1 Qd7 26.Ba3 Nxe4 27.Nxe4 fxe4 28.Nd2 Nxd5 29.Qb3 Rb8
30.Bc4 Qc6 31.Nxe4 Kh8 32.Bxd5 Qxd5 33.Qxd5 Bxd5 34.Nxd6 Rxb1 35.Rxb1 Bxd6
36.Bxd6 Re6 37.Rb6 Rg6 38.g3 a5 39.Bc7 Rxb6  1/2-1/2

[Event "85th Masters"]
[Site "Hastings ENG"]
[Date "2010.01.03"]
[Round "7"]
[White "Howell,D"]
[Black "Hawkins,Jo"]
[Result "1-0"]
[WhiteElo "2597"]
[BlackElo "2383"]

1.e4 e5 2.Nf3 Nc6 3.Bb5 a6 4.Ba4 Nf6 5.O-O Be7 6.Re1 b5 7.Bb3 d6 8.c3 O-O
9.h3 Bb7 10.d4 Re8 11.Nbd2 Bf8 12.a3 h6 13.d5 Nb8 14.Nh2 Nbd7 15.Qf3 g6 16.Ndf1 Bg7
17.Ng4 Nxg4 18.hxg4 Qh4 19.g3 Qh3 20.Qg2 Qxg2+ 21.Kxg2 c5 22.dxc6 Bxc6 23.f3 Nc5
24.Ba2 Rad8 25.Rd1 Nxe4 26.fxe4 Bxe4+ 27.Kf2 d5 28.Bb1 f5 29.gxf5 Bxb1 30.Rxb1 Rf8
31.Ke2 gxf5 32.Ne3 d4 33.cxd4 exd4 34.Ng2 Rfe8+ 35.Kf3  1-0

[Event "XXXV Open"]
[Site "Seville ESP"]
[Date "2010.01.12"]
[Round "5"]
[White "Hamdouchi,H"]
[Black "Bhat,V"]
[Result "1/2-1/2"]
[WhiteElo "2601"]
[BlackElo "2540"]

1.e4 e5 2.Nf3 Nc6 3.Bb5 a6 4.Ba4 Nf6 5.O-O Be7 6.Re1 b5 7.Bb3 d6 8.c3 O-O
9.h3 Bb7 10.d4 Re8 11.a4 h6 12.Nbd2 Bf8 13.d5 Ne7 14.c4 c6 15.dxc6 Bxc6 16.axb5 axb5
17.Rxa8 Bxa8 18.cxb5 Ng6 19.Bc2 d5 20.exd5 Qxd5 21.Nb1 Qb7 22.Be3 Qxb5 23.Ba4 Qxb2
24.Bxe8 Nxe8 25.Nbd2 Nc7 26.Qa1 Qxa1 27.Rxa1 Bd5 28.Ra7 Nb5 29.Rd7 Bc6 30.Rd8 Nd6
31.Rb8 Ne8 32.Nc4 f6 33.Nfd2 Kf7 34.f3 Nh4 35.Kf2 Nf5 36.Ba7 Bd5 37.Rd8 Be6
38.Bb6 Bb4 39.Rb8 Bd5 40.Ne3 Nxe3 41.Bxe3 Bxd2 42.Bxd2 Nc7 43.Rb6 Ne6 44.Rd6 Bc4
45.g4 g5 46.h4 gxh4 47.Bxh6 Kg6 48.Be3 Ng5 49.Bxg5 Kxg5 50.Rd7 Bb5 51.Rh7 Be8
52.Rh8 Bf7 53.Ke3 Bg6 54.Rf8 h3 55.Rh8 e4 56.Rxh3 exf3 57.Kxf3 f5  1/2-1/2

[Event "8th Parsvnath Open"]
[Site "New Delhi IND"]
[Date "2010.01.14"]
[Round "2"]
[White "Harini,S"]
[Black "Babu,NS"]
[Result "1/2-1/2"]
[WhiteElo "2057"]
[BlackElo "2330"]

1.e4 e5 2.Nf3 Nc6 3.Bb5 a6 4.Ba4 Nf6 5.O-O Be7 6.Re1 b5 7.Bb3 d6 8.c3 O-O
9.h3 Bb7 10.d4 Re8 11.Nbd2 Bf8 12.Bc2 g6 13.b3 Nb8 14.d5 c6 15.c4 Nbd7 16.Nf1 Rc8
17.Ng3 Qc7 18.Bd3 Nc5 19.Bf1 Bg7 20.Bd2 Qb6 21.a4 bxc4 22.bxc4 a5 23.Be3  1/2-1/2

[Event "8th Parsvnath Open"]
[Site "New Delhi IND"]
[Date "2010.01.16"]
[Round "5"]
[White "Mehar,C"]
[Black "Kravtsiv,M"]
[Result "1/2-1/2"]
[WhiteElo "2258"]
[BlackElo "2545"]

1.e4 e5 2.Nf3 Nc6 3.Bb5 a6 4.Ba4 Nf6 5.O-O Be7 6.Re1 b5 7.Bb3 d6 8.c3 O-O
9.h3 Bb7 10.d4 Re8 11.Ng5 Rf8 12.Nf3 h6 13.Nbd2 Re8 14.d5 Nb8 15.Nf1 c6 16.dxc6 Bxc6
17.Ng3 Bf8 18.Nh2 Nbd7 19.Ng4 Nc5  1/2-1/2

[Event "8th Parsvnath Open"]
[Site "New Delhi IND"]
[Date "2010.01.21"]
[Round "10"]
[White "Thipsay,P"]
[Black "Matta,V"]
[Result "1-0"]
[WhiteElo "2469"]
[BlackElo "2283"]

1.e4 e5 2.Nf3 Nc6 3.Bb5 a6 4.Ba4 Nf6 5.O-O Be7 6.Re1 b5 7.Bb3 d6 8.c3 O-O
9.h3 Bb7 10.d4 Re8 11.a4 h6 12.Nbd2 Bf8 13.Bc2 exd4 14.cxd4 Nb4 15.Bb1 c5
16.d5 Nd7 17.Ra3 f5 18.Nh2 Nf6 19.Rg3 Qd7 20.exf5 Rxe1+ 21.Qxe1 Re8 22.Qd1 Bxd5
23.Ndf1 Be4 24.Bxh6 Qxf5 25.Ne3 Qh7 26.Bg5 Bxb1 27.Bxf6 Re6 28.Bc3 Qd3 29.Qh5 Na2
30.Neg4 Nxc3 31.Rxd3 Ne2+ 32.Kh1 Bxd3 33.Nf3 bxa4 34.Ne3 Nf4 35.Qg5 Ng6 36.Qg4 Re4
37.Qxg6 Rxe3 38.Qh5 Rxf3 39.Qxf3 Bg6 40.Qg4 Bf7 41.Qxa4 d5 42.Qxa6 c4 43.Qb6 g6
44.Qd8 Be6 45.g4 Kf7 46.f4 Bg7 47.Qc7+ Kg8 48.Qb6 Bf7 49.f5 gxf5 50.gxf5 Be5
51.Qd8+ Kg7 52.Qg5+ Kf8 53.f6 Bxb2 54.Qh6+ Ke8 55.Qe3+ Kf8 56.Qe7+ Kg8 57.Qd8+ Kh7
58.Qf8  1-0

[Event "2nd Chennai Open"]
[Site "Chennai IND"]
[Date "2010.01.28"]
[Round "5"]
[White "Ashwin,J"]
[Black "Babu,NS"]
[Result "1/2-1/2"]
[WhiteElo "2434"]
[BlackElo "2330"]

1.e4 e5 2.Nf3 Nc6 3.Bb5 a6 4.Ba4 Nf6 5.O-O Be7 6.Re1 b5 7.Bb3 d6 8.c3 O-O
9.h3 Bb7 10.d4 Re8 11.Nbd2 Bf8 12.a3 g6 13.Ba2 Bg7 14.b4 a5 15.Ng5 Re7 16.d5 Nb8
17.Nb3 axb4 18.cxb4 h6 19.Nf3 Bc8 20.Qd3 Bd7 21.Na5 Kh7 22.Nd2 Nh5 23.Ndb3 f5
24.exf5 gxf5 25.Qe2 Nf6 26.Nd4 Qe8 27.Bb2 Nh5 28.g3 Qg6 29.Kh2 e4 30.Ne6 Bxe6
31.dxe6  1/2-1/2

[Event "2nd Chennai Open"]
[Site "Chennai IND"]
[Date "2010.01.29"]
[Round "6"]
[White "Satyapragyan,S"]
[Black "Babu,NS"]
[Result "1-0"]
[WhiteElo "2480"]
[BlackElo "2330"]

1.e4 e5 2.Nf3 Nc6 3.Bb5 a6 4.Ba4 Nf6 5.O-O Be7 6.Re1 b5 7.Bb3 d6 8.c3 O-O
9.h3 Bb7 10.d4 Re8 11.Nbd2 Bf8 12.Ng5 Re7 13.d5 Nb8 14.Nf1 Nbd7 15.Ng3 h6
16.Nf3 Re8 17.Nf5 Qb8 18.Nh2 c6 19.dxc6 Bxc6 20.Ng4 Ra7 21.Qf3 Qd8 22.Bxh6 gxh6
23.Ngxh6+ Bxh6 24.Nxh6+ Kf8 25.Nxf7 Qb8 26.Rad1 Ke7 27.Nh6 Rf8 28.Nf5+ Kd8
29.Nxd6 Kc7 30.Nf7 Qe8 31.Ng5 Kb8 32.Qe3 Qe7 33.Rd2 Nh5 34.Red1 Nf4 35.h4 Nc5
36.Rd6  1-0

[Event "2nd Chennai Open"]
[Site "Chennai IND"]
[Date "2010.01.30"]
[Round "7"]
[White "Ashwin,J"]
[Black "Kravtsiv,M"]
[Result "0-1"]
[WhiteElo "2434"]
[BlackElo "2545"]

1.e4 e5 2.Nf3 Nc6 3.Bb5 a6 4.Ba4 Nf6 5.O-O Be7 6.Re1 b5 7.Bb3 d6 8.c3 O-O
9.h3 Bb7 10.d4 Re8 11.Nbd2 Bf8 12.a3 h6 13.d5 Nb8 14.Nh2 c6 15.dxc6 Bxc6
16.Qf3 Qe7 17.Ng4 Nxg4 18.hxg4 Nd7 19.Nf1 Nc5 20.Ba2 g6 21.Ng3 Bg7 22.Bd2 Rad8
23.Rad1 d5 24.exd5 e4 25.Qe2 Bxd5 26.Bxd5 Rxd5 27.c4 bxc4 28.Bb4 Rxd1 29.Rxd1 a5
30.Bxc5 Qxc5 31.Nxe4 Qc6 32.Re1 Re6 33.Qf3 Bxb2 34.Re3 Bd4 35.Re2 c3 36.Qd3 c2
37.Rxc2 Qxe4 38.Rc8+ Kg7  0-1

[Event "Georgi Tringov Mem"]
[Site "Plovdiv BUL"]
[Date "2010.02.02"]
[Round "4"]
[White "Radulski,J"]
[Black "Vasilev,VasilA"]
[Result "1-0"]
[WhiteElo "2577"]
[BlackElo "2358"]

1.e4 e5 2.Nf3 Nc6 3.Bb5 a6 4.Ba4 Nf6 5.O-O Be7 6.Re1 b5 7.Bb3 O-O 8.c3 d6
9.h3 Bb7 10.d4 Re8 11.Nbd2 Bf8 12.Bc2 h6 13.a4 Qd7 14.d5 Na5 15.b4 Nc4 16.Nxc4 bxc4
17.Nd2 c6 18.Nxc4 Rab8 19.Ne3 cxd5 20.exd5 g6 21.c4 Qd8 22.a5 Bc8 23.Ba4 Re7
24.Ba3 Ne4 25.Bc2 Ng5 26.h4 Nh7 27.h5 e4 28.hxg6 Ng5 29.Bb2 f5 30.Bf6 Bg7
31.Bxe7 Qxe7 32.c5 Rxb4 33.Rb1 Bc3 34.Qh5 Bxe1 35.Rxe1 f4 36.Ng4 Bxg4 37.Qxg4 dxc5
38.Qxf4 Rd4 39.Rb1 Kg7 40.Qe3 Kxg6 41.f4 Nh7 42.d6 Qe6 43.Qg3+ Kf6 44.Rb7 Qf5  1-0